Menový program NBS na rok 1996

Menový vývoj SR v r. 1995. Menový program na r. 1996. Hlavné ciele menového programu: posilnenie vnútornej a vonkajšej stability, pokles miery inflácie, podpora ekonomiky.

Na minha lista:
Detalhes bibliográficos
Formato: Capítulo de Livro
Idioma:eslovaco
Assuntos:
Tags: Adicionar Tag
Sem tags, seja o primeiro a adicionar uma tag!

MARC

LEADER 00000naa a2200000 4500
001 r019494
005 20221208113713.6
041 0 |a slo 
044 |a SK 
245 1 0 |a Menový program NBS na rok 1996 
520 |a Menový vývoj SR v r. 1995. Menový program na r. 1996. Hlavné ciele menového programu: posilnenie vnútornej a vonkajšej stability, pokles miery inflácie, podpora ekonomiky. 
610 2 0 |a program menový 
610 2 0 |a NBS Bratislava 
610 2 0 |a 1996 
610 2 0 |a Slovensko 
610 2 0 |a vývoj menový 
610 2 0 |a 1995